Contabilidad financiera (Registro nro. 5156)
[ vista simple ]
| 000 -CABECERA | |
|---|---|
| campo de control de longitud fija | 01138aam a2200385 4500 |
| 005 - FECHA Y HORA DE ACTUALIZACIÓN | |
| campo de control | 20230223185817.0 |
| 008 - LONGITUD FIJA | |
| campo de control de longitud fija | 150506b2008 xxu||||| |||| 00| 0 spa d |
| 041 ## - IDIOMA | |
| Código de idioma del texto/pista de sonido o título separado | Español |
| 082 ## - CLASIFICACIÓN DECIMAL DEWEY | |
| Número de clasificación | 657 G898c5 |
| 100 ## - AUTOR PERSONAL | |
| Nombre de persona | Guajardo Cantú, Gerardo |
| 100 ## - AUTOR PERSONAL | |
| Nombre de persona | Andrade De Guajardo, Nora |
| 245 ## - TÍTULO PROPIAMENTE DICHO | |
| Título | Contabilidad financiera |
| 250 ## - EDICIÓN | |
| Mención de edición | 5 edición |
| 260 ## - PIE DE IMPRENTA | |
| Lugar de publicación, distribución, etc. | México |
| Nombre del editor, distribuidor, etc. | McGraw-Hill |
| Fecha de publicación, distribución, etc. | 2008 |
| 300 ## - DESCRIPCIÓN FÍSICA | |
| Extensión | 556 páginas |
| 650 ## - Materia General | |
| Materia general | CONTABILIDAD FINANCIERA |
| 650 ## - Materia General | |
| Materia general | INFORMACIÓN FINANCIERA |
| 650 ## - Materia General | |
| Materia general | REGISTRO DE TRANSACCIONES |
| 650 ## - Materia General | |
| Materia general | AJUSTES |
| 650 ## - Materia General | |
| Materia general | ESTADOS FINANCIEROS |
| 650 ## - Materia General | |
| Materia general | CICLO CONTABLE |
| 650 ## - Materia General | |
| Materia general | SERVICIOS |
| 650 ## - Materia General | |
| Materia general | INVERSIONES TEMPORALES |
| 650 ## - Materia General | |
| Materia general | CUENTAS POR COBRAR |
| 650 ## - Materia General | |
| Materia general | INVENTARIOS |
| 650 ## - Materia General | |
| Materia general | INMUEBLES |
| 650 ## - Materia General | |
| Materia general | PLANTA Y EQUIPO |
| 650 ## - Materia General | |
| Materia general | INTANGIBLES |
| 650 ## - Materia General | |
| Materia general | PASIVOS |
| 650 ## - Materia General | |
| Materia general | CAPITAL CONTABLE |
| 650 ## - Materia General | |
| Materia general | FLUJO DE EFECTIVO |
| 650 ## - Materia General | |
| Materia general | ORGANIZACIONES ECONÓMICAS |
| 692 ## - Carreras | |
| Carrera | Dirección y Administración de Empresas |
| 942 ## - Punto de Acceso Adicional Koha | |
| Tipo de ítem Koha | Libro |
| Estado perdido | Estado dañado | No para préstamo | Biblioteca permanente | Biblioteca actual | Signatura completa | Código de barras | Precio efectivo a partir del | Programa Académico | Tipo de ítem |
|---|---|---|---|---|---|---|---|---|---|
| Departamento de Biblioteca y Documentación Alfonso Chase Brenes | Departamento de Biblioteca y Documentación Alfonso Chase Brenes | 657 G898c5 | 14200 | 27/07/2016 | Dirección y Administración de Empresas | Libro | |||
| Departamento de Biblioteca y Documentación Alfonso Chase Brenes | Departamento de Biblioteca y Documentación Alfonso Chase Brenes | 657 G898c5 | 14201 | 27/07/2016 | Dirección y Administración de Empresas | Libro | |||
| Departamento de Biblioteca y Documentación Alfonso Chase Brenes | Departamento de Biblioteca y Documentación Alfonso Chase Brenes | 657 G898c5 | 16587 | 27/07/2016 | Dirección y Administración de Empresas | Libro | |||
| Departamento de Biblioteca y Documentación Alfonso Chase Brenes | Departamento de Biblioteca y Documentación Alfonso Chase Brenes | 657 G898c5 | 16589 | 27/07/2016 | Dirección y Administración de Empresas | Libro | |||
| Departamento de Biblioteca y Documentación Alfonso Chase Brenes | Departamento de Biblioteca y Documentación Alfonso Chase Brenes | 657 G898c5 | 17242 | 27/07/2016 | Dirección y Administración de Empresas | Libro | |||
| Departamento de Biblioteca y Documentación Alfonso Chase Brenes | Departamento de Biblioteca y Documentación Alfonso Chase Brenes | 657 G898c5 | 16588 | 11/07/2017 | Dirección y Administración de Empresas | Libro |